Paz en femenino : el arte de bordar memorias /

Detalles Bibliográficos
Otros Autores: Noriega Herazo, Ibeth Rocío (Editor), Cortés Martínez, Angélica María (Editor)
Formato: Electrónico eBook
Lenguaje:español
Publicado: Santa Marta D.T.C.H., Colombia : Editorial Unimagdalena, [2023]
Edición:Primera edición.
Colección:Colección Humanidades y artes. Serie Literatura y estudios literarios.
Materias:
Acceso en línea:Digitalia Hispánica

MARC

LEADER 00000nam a2200000Ii 4500
001 DIGUNIMAG0174
003 NyNyDIG
006 m o d
007 cr |||||||||||
008 240815s2023 ck a ob 000 p spa d
035 |a (OCoLC)1437983575 
040 |a DGITA  |b eng  |e rda  |e pn  |c DGITA 
020 |a 9789587466560  |q (pdf) 
020 |a 9789587466553  |q (ePub) 
020 |z 9789587466546  |q (impreso) 
043 |a s-ck--- 
050 1 4 |a PQ8174 ebook 
245 0 0 |a Paz en femenino :  |b el arte de bordar memorias /  |c Ibeth Rocío Noriega Herazo, Angélica María Cortés Martínez, compiladoras. 
250 |a Primera edición. 
264 1 |a Santa Marta D.T.C.H., Colombia :  |b Editorial Unimagdalena,  |c [2023] 
300 |a 1 online resource :  |b illustrations. 
336 |a text  |b txt  |2 rdacontent 
337 |a computer  |b c  |2 rdamedia 
338 |a online resource  |b cr  |2 rdacarrier 
347 |a text file  |2 rdaft 
347 |b EPUB 
490 1 |a Colección Humanidades y artes. Serie Literatura y estudios literarios 
504 |a Includes bibliographical references. 
588 0 |a Online resource; title from ePub title page (Digitalia, viewed August 15, 2024) 
650 0 |a Colombian poetry. 
650 0 |a Colombian literature  |x Women authors. 
650 0 |a Women in literature. 
655 7 |a Poetry  |2 lcgft. 
700 1 |a Noriega Herazo, Ibeth Rocío,  |e editor. 
700 1 |a Cortés Martínez, Angélica María,  |e editor. 
776 0 8 |i Print version:  |t Paz en femenino.  |b Primera edición.  |d Santa Marta D.T.C.H., Colombia : Editorial Unimagdalena, [2023]  |z 9789587466546 
791 2 |a Digitalia (Firm),  |e distributor. 
793 0 |g Digitalia eBook Collection:  |a Ediciones Unimagdalena 
830 0 |a Colección Humanidades y artes.  |p Serie Literatura y estudios literarios. 
856 4 0 |3 Digitalia Hispánica  |u https://www.digitaliapublishing.com/a/157230/ 
910 |a Premium collection: 2024